Ces pays différents - Statistiques

Statistiques générales
  • Ce quiz a été pris 171 fois
  • Le résultat moyen est 16 sur 39
Statistiques - réponses
Hint Réponse % Correct
Vatican
76%
Vatican
76%
Soudan du Sud
61%
Soudan du Sud
61%
Nauru
57%
Pas capitale Nauru
57%
Nauru
57%
pas FIFA Monaco
55%
Monaco
55%
Palaos
55%
Kiribati
54%
Kiribati
54%
Tuvalu
53%
Tuvalu
53%
ONU Tuvalu
53%
Îles Marshall
49%
Îles Marshall
49%
Micronésie
49%
Tonga
47%
Niger
43%
Oman
41%
Yémen
41%
ABC Somalie
40%
Bahreïn
38%
Timor Oriental
38%
Tchad
37%
Koweït
34%
Mali
33%
Pas de cours d'eau Arabie saoudite
32%
Monténégro
27%
Afghanistan
25%
Guinée
24%
Maldives
24%
Malte
21%
Sierra Leone
19%
Serbie
18%
Bénin
14%
Suisse
9%
Royaume-Uni
5%
Aucun quiz correspondant
Distribution des résultats
% des personnes avec chaque résultat
Percentile par nombre de réponses
Votre historique - résultats
Vous n’avez pas pris ce quiz